| 000 | 00630nam a22001817a 4500 | ||
|---|---|---|---|
| 005 | 20251108170913.0 | ||
| 008 | 250721s1974 xx 000 0 ara d | ||
| 082 | 1 | 4 | _a327.43056/ألم |
| 100 | 1 |
_aماهر، مصطفى _eترجمة |
|
| 245 | 1 | 0 |
_aألمانيا و العالم العربي : _bدراسات تتناول الصالات الثقافية و العلمية و الفنية.. / |
| 264 | 1 |
_aبيروت : _bدار صادر، _c1974. |
|
| 300 | _a646ص | ||
| 650 | 1 | 7 | _aالعلاقات الدولية |
| 650 | 1 | 7 | _aالبلدان العربية |
| 650 | 1 | 7 | _aألمانيا |
| 942 |
_2ddc _cBK |
||
| 999 |
_c51731 _d51731 |
||